zpět

Detail výsledku týmu

Bridge Bar, Týn nad Vltavou

Datum a čas kvízu

22.5 Celkem bodů Celkový počet nahraných bodů na tomto kvízu bez doplňovacích otázek.
13. Pořadí na kvízu Konečné umístění týmu na tomto kvízu.

Zaznamenané odpovědi

# Otázka Odpověď Body Výsledky
1. V roce 1933 hrál Vlasta Burian... Revizor 1
2. Další bod získáte za napsání j... Alena Vránová 1
3. Napište, jak se nazývá film, z... Atentát, Jiří Sequens 0
4. Dědička Zuzana, snoubenka Mila... Hotel Modrá hvězda 0
5. „Z hlediska ___ ___ ___ vražda... vyššího principu mravního 1
6. Různých hereckých a obecně umě... Jiří a Kristian Kodetovi 0.5
7. Napište křestní jména všech dě... Rudolf, Jan 1
8. Moderátorka Pavlína Wolfová je... František Filipovský 0
9. Tereza Brodská, dcera legendár... Vlak dětství a naděje, Helena Růžičková 0.5
10. Napište křestní jména otce a d... David a Ilja 0.5